000 00495nam a22001577a 4500
999 _c8134
_d8134
003 AR-CdUCM
008 190322b ||||| |||| 00| 0 spa d
040 _aMUNICIPALIDAD PROVINCIAL DEL CUSCO
_cBIBLIOTECA MUNICIPAL DEL CUSCO
082 _a512.72 /
_bE77
100 _aErwe, Friedhelm
_922963
245 _aEcuaciones diferenciales ordinarias /
260 _aMadrid,
_bSelecciones científicas,
_c1970.
700 _aOchoa Mélida, Juan (traductor)
_922964
942 _2ddc
_cLIBROS
945 _arum